| 000 | 04461cam a22012614i 4500 | ||
|---|---|---|---|
| 003 | PE-LiUPU | ||
| 005 | 20250813185411.0 | ||
| 008 | 171212s2014 sp a rb 001 0 spa d | ||
| 020 | _a8499698026 | ||
| 020 | _a9788499698021 | ||
| 035 | _a(Sirsi) a240428 | ||
| 040 |
_aPE-LiUPU _bspa _cPE-LiUPU _erda |
||
| 049 | _aPRUA | ||
| 082 | 0 | 4 |
_a362.1068 _bC17 _220 |
| 245 | 0 | 0 |
_aGestión de la calidad en las organizaciones sanitarias / _cJavier Cabo Salvador. |
| 250 | _aPrimera edición. | ||
| 264 | 1 |
_aMadrid : _bFundación MAPFRE, _c2014. |
|
| 300 |
_a1387 páginas : _bilustraciones ; _c25 centímetros |
||
| 336 |
_atext _2rdacontent |
||
| 337 |
_aunmediated _2rdamedia |
||
| 338 |
_avolume _2rdacarrier |
||
| 504 | _aBibliografía : al final de cada capítulo. | ||
| 504 | _aÍndice : páginas 1383-1387. | ||
| 505 | 0 | _aSistemas sanitarios y reformas sanitarias. Enfoque a la calidad -- Sistemas sanitarios y reformas: dimensiones, escenarios y patrones -- Características de los modelos sanitarios -- La ley 16/2003de cohesión y calidad del sistema nacional de salud su concepción como herramienta de calidad de la asitencia -- La ley 41/2002, de 14 de noviembre, básica de autonomía del paciente, como herramienta normativa de mejora de la calidad asitencial -- Gestón por competencias como factor de mejora de la calidad asistencial -- Indicadores de actividad de las organizaciones sanitarias -- Indicadores de la calidad de la seca y modelo ahrq -- Calidad y efectividad en las organizaciones sanitarias -- Gestión de la eficiencia y calidad asistencial -- Calidad y bioética en las organizacines sanitarias -- Normativa ética y de calidad de la investigación biomética -- Nueva gestión clínica enfocada a la clidad , gobernanza de microsistemas, management basado en la evidencia y aplicativos refinados por procesos -- Desarrollo de un programa de calidad de atención primaria -- La gestión cognitiva -- Desarrollo e implantación de un sistema de gestión de calidad en los centros y servicios sanitarios -- Criterios del modelo Europeo de calidad total y excelencia de la efqm -- Une en iso 9001:2008 -- Acreditación de la calidad basada en el modelo de la joint commission internacional -- Calidad percibida por los usuarios en las organizaciones sanitarias -- El hospital verde. | |
| 526 | _aP202 | ||
| 526 | _aP201 | ||
| 526 | _aP163 | ||
| 526 | _aP162 | ||
| 526 | _aP161 | ||
| 526 | _aP160 | ||
| 526 | _aP148 | ||
| 526 | _aP147 | ||
| 526 | _aP146 | ||
| 526 | _aP145 | ||
| 526 | _aP144 | ||
| 526 | _aP143 | ||
| 526 | _aP142 | ||
| 526 | _aP141 | ||
| 526 | _aP140 | ||
| 526 | _aP139 | ||
| 526 | _aP138 | ||
| 526 | _aP137 | ||
| 526 | _aP136 | ||
| 526 | _aP135 | ||
| 526 | _aP134 | ||
| 526 | _aP133 | ||
| 526 | _aP129 | ||
| 526 | _aP128 | ||
| 526 | _aP127 | ||
| 526 | _aP120 | ||
| 526 | _aP119 | ||
| 526 | _aP118 | ||
| 526 | _aP116 | ||
| 526 | _aP115 | ||
| 526 | _aP114 | ||
| 526 | _aP110 | ||
| 526 | _aP109 | ||
| 526 | _aP108 | ||
| 526 | _aP104 | ||
| 526 | _aP103 | ||
| 526 | _aP102 | ||
| 526 | _aP99 | ||
| 526 | _aP98 | ||
| 526 | _aP97 | ||
| 526 | _aP96 | ||
| 526 | _aP95 | ||
| 526 | _aP93 | ||
| 526 | _aP90 | ||
| 526 | _aP89 | ||
| 526 | _aP88 | ||
| 526 | _aP83 | ||
| 526 | _aP82 | ||
| 526 | _aP62 | ||
| 526 | _aP59 | ||
| 526 | _aP58 | ||
| 526 | _aP57 | ||
| 526 | _aP51 | ||
| 526 | _aP49 | ||
| 526 | _aP48 | ||
| 526 | _aP47 | ||
| 526 | _aP29 | ||
| 526 | _aP24 | ||
| 526 | _aP20 | ||
| 526 | _aP19 | ||
| 526 | _aP17 | ||
| 526 | _aP15 | ||
| 526 | _aP14 | ||
| 526 | _aP12 | ||
| 526 | _aP10 | ||
| 526 | _aP09 | ||
| 526 | _aP08 | ||
| 526 | _aP07 | ||
| 526 | _aP06 | ||
| 526 | _aP05 | ||
| 526 | _aP04 | ||
| 526 | _aP01 | ||
| 541 | _g0028-0000236; | ||
| 650 | 0 | 4 | _aServicios de salud. |
| 650 | 0 | 4 | _aHospitales. |
| 650 | 0 | 4 | _aHealth services. |
| 650 | 0 | 4 | _aHospitals. |
| 700 | 1 |
_aCabo Salvador, Javier, _edirector. |
|
| 910 |
_adbm _bksl _cksl _d20171212 |
||
| 942 |
_2ddc _cBOOK |
||
| 994 |
_aC0 _bPEPRU |
||
| 596 | _a1 | ||
| 999 |
_a362.1068 C17 _wLC _c26093 _i77431 _d26093 _e2018-10-2 _f2021-11-3 _g4 _lCCODEBUL1 _mBUL _n2 _p132.38 _r0 _sY _tBOOK _u2017-12-12 _xSALUD _zP69 _0COMPRA _o.PUBLIC. Documento de alto precio _o.STAFF. Colección Ciencias de la Salud |
||
| 980 |
_81 _gALBERTO SANCHEZ Responsable de Automatización |
||